000 00646nam a2200229 i 4500
001 bg
100 1 _aPIKOŃ, Andrzej
245 1 0 _aAutoCAD 2004 /
_cAndrzej Pikoń.
260 _aGliwice :
_b"Helion",
_ccop. 2003.
300 _a1235 s. :
_bil. ;
_c25 cm + +
_e2 CD, "Skróty i słownik poleceń".
504 _aIndeks.
650 9 _aAutoCAD
655 _aPodręczniki
020 _a8373611932
040 _cBPK
041 0 _apol
080 _a004.42:004.92](07)
920 _a83-7361-193-2
942 _cKS
008 s pl f |000 0 pol
999 _c43543
_d43543
856 _uhttp://koha.tu.koszalin.pl/cgi-bin/koha/opac-detail.pl?biblionumber=43543
_yKatalog online BPK